[Event "Vienna Chess Open 2016 Group A"]
[Site "Grosser Festsaal im Wiener Rathaus, 1010 Wien"]
[Date "2016.08.20"]
[Round "6"]
[Board "15"]
[White "Barthel, Ansgar"]
[Black "Baldauf, Marco"]
[Result "0-1"]
[WhiteElo "2194"]
[BlackElo "2423"]
[PlyCount "108"]
[EventDate "2016.08.16"]
[EventRounds "9"]
[EventCountry "AUT"]

1.e4 e5 2.Nf3 Nc6 3.Bc4 Bc5 4.d3 Nf6 5.Nc3 h6 6.Be3 Bb6 7.Nd5 d6 8.c3 Nxd5 9.Bxd5
Ne7 10.Bb3 O-O 11.O-O Ng6 12.Nd2 c6 13.Qh5 Qf6 14.Qf3 Qxf3 15.Nxf3 Bg4 16.Bd1 d5 17.h3
Be6 18.Re1 f6 19.Bb3 Rfe8 20.Bxb6 axb6 21.d4 dxe4 22.Bxe6+ Rxe6 23.Rxe4 f5 24.Re3
e4 25.Nd2 Nf4 26.Kh2 b5 27.g3 Nd5 28.Re2 Kf7 29.Nf1 Kf6 30.Ne3 Nb6 31.b3 Nd5 32.c4
Nb4 33.a3 Rd6 34.Rd2 Rdd8 35.Kg2 Ra6 36.Rdd1 Rda8 37.cxb5 cxb5 38.Rac1 Nd3 39.Nd5+
Kg6 40.Nc7 Nxc1 41.Nxa6 Rxa6 42.Rxc1 Rxa3 43.Rc7 Rxb3 44.Rxb7 Rb2 45.Kf1 b4 46.Rb6+
Kg5 47.Rb7 g6 48.d5 b3 49.d6 Kf6 50.d7 Ke7 51.h4 Rb1+ 52.Kg2 b2 53.Kh2 g5 54.hxg5
hxg5 0-1

[Event "Vienna Chess Open 2016 Group A"]
[Site "Grosser Festsaal im Wiener Rathaus, 1010 Wien"]
[Date "2016.08.20"]
[Round "6"]
[Board "16"]
[White "Kilgus, Georg"]
[Black "Radionov, Timur"]
[Result "1-0"]
[WhiteElo "2413"]
[BlackElo "2285"]
[PlyCount "49"]
[EventDate "2016.08.16"]
[EventRounds "9"]
[EventCountry "AUT"]

1.Nf3 Nf6 2.c4 g6 3.d4 Bg7 4.g3 O-O 5.Bg2 d6 6.O-O Nc6 7.Nc3 Rb8 8.Bf4 a6 9.Rc1 b5
10.Nd5 bxc4 11.Nxf6+ Bxf6 12.Rxc4 Bd7 13.b3 Re8 14.Qd2 Na7 15.Rfc1 c5 16.dxc5 e5 17.Bg5
Bb5 18.R4c2 e4 19.Bxf6 Qxf6 20.Qd4 Qd8 21.Nd2 Nc6 22.Qxd6 Nd4 23.Nxe4 Nxe2+ 24.Rxe2
Qxd6 25.cxd6 1-0

[Event "Vienna Chess Open 2016 Group A"]
[Site "Grosser Festsaal im Wiener Rathaus, 1010 Wien"]
[Date "2016.08.20"]
[Round "6"]
[Board "17"]
[White "Yu, Jonathan"]
[Black "Koop, Thorben"]
[Result "0-1"]
[WhiteElo "2106"]
[BlackElo "2412"]
[PlyCount "34"]
[EventDate "2016.08.16"]
[EventRounds "9"]
[EventCountry "AUT"]

1.e4 c5 2.Nf3 Nc6 3.Bb5 d6 4.O-O Bd7 5.Re1 Nf6 6.h3 a6 7.Bd3 g5 8.e5 Nxe5 9.Nxe5 dxe5
10.Qe2 e4 11.Bxe4 Nxe4 12.Qxe4 Bc6 13.Qe5 Rg8 14.Nc3 Rg6 15.Ne4 Re6 16.Qf5 Qd5 17.Qxd5
Bxd5 0-1

[Event "Vienna Chess Open 2016 Group A"]
[Site "Grosser Festsaal im Wiener Rathaus, 1010 Wien"]
[Date "2016.08.20"]
[Round "6"]
[Board "18"]
[White "Zawadzka, Jolanta"]
[Black "Praveen Kumar, Chandrasekar"]
[Result "1/2-1/2"]
[WhiteElo "2439"]
[BlackElo "2242"]
[PlyCount "131"]
[EventDate "2016.08.16"]
[EventRounds "9"]
[EventCountry "AUT"]

1.e4 e6 2.d4 d5 3.e5 c5 4.c3 Nc6 5.Nf3 Bd7 6.a3 c4 7.g3 Na5 8.Nbd2 Bc6 9.Bg2 Qd7 10.O-O
Ne7 11.Re1 Nc8 12.Nf1 Nb6 13.Ne3 Be7 14.Nd2 O-O-O 15.f4 g6 16.Rb1 Kb8 17.Qe2 Nb3 18.Nf3
Rc8 19.Rf1 Na4 20.Bd2 b5 21.Be1 a5 22.Nd2 b4 23.axb4 axb4 24.Nxb3 cxb3 25.Qd1 Nb6
26.cxb4 Nc4 27.Qxb3 Ba4 28.Qd3 Bb5 29.Rf2 Nxe5 30.Qa3 Nc6 31.Nc2 Bd8 32.Qe3 Bb6 33.Bc3
Na7 34.Na3 Bc6 35.Bf1 Nb5 36.Nxb5 Bxb5 37.Ra1 Kb7 38.Bd3 Bc4 39.Bxc4 Rxc4 40.Rff1
Rhc8 41.Kh1 Qd8 42.Qe5 h5 43.Ra3 Qh8 44.Rd1 Qd8 45.Kg2 Qe7 46.Rd3 Qd8 47.Qe1 Qf6 48.Qd1
Qf5 49.Qf3 Qe4 50.Rd2 Qxf3+ 51.Kxf3 Kc6 52.Ke3 Kb5 53.Kd3 R4c7 54.Rd1 Ra7 55.Rxa7
Bxa7 56.h3 Bb6 57.Rf1 Rh8 58.Rf3 Rh7 59.Bd2 Rh8 60.Rf1 Rh7 61.Ke3 Rh8 62.Bc3 Bc7 63.Ra1
Bb6 64.Kd3 Rc8 65.Rf1 Rh8 66.Ra1 1/2-1/2

[Event "Vienna Chess Open 2016 Group A"]
[Site "Grosser Festsaal im Wiener Rathaus, 1010 Wien"]
[Date "2016.08.20"]
[Round "6"]
[Board "19"]
[White "Gajek, Radoslaw"]
[Black "Tomov, Georgi"]
[Result "1-0"]
[WhiteElo "2434"]
[BlackElo "2248"]
[PlyCount "63"]
[EventDate "2016.08.16"]
[EventRounds "9"]
[EventCountry "AUT"]

1.d4 d5 2.c4 e6 3.Nc3 Nf6 4.cxd5 Nxd5 5.e4 Nxc3 6.bxc3 c5 7.Nf3 cxd4 8.cxd4 Bb4+ 9.Bd2
Bxd2+ 10.Qxd2 O-O 11.Bc4 Nd7 12.O-O b6 13.d5 Nf6 14.Rfe1 exd5 15.exd5 Bb7 16.d6 Rc8
17.Ne5 Rc5 18.Nxf7 Qa8 19.d7 Bd5 20.d8=Q Rxd8 21.Nxd8 Rxc4 22.Ne6 Bxg2 23.f4 Be4 24.Rac1
Qe8 25.Rxc4 Qxe6 26.Qd8+ Kf7 27.Qc7+ Kg6 28.Rc3 Nh5 29.Ree3 Kh6 30.Qe5 Qg4+ 31.Kf2
Qh4+ 32.Kf1 1-0

[Event "Vienna Chess Open 2016 Group A"]
[Site "Grosser Festsaal im Wiener Rathaus, 1010 Wien"]
[Date "2016.08.20"]
[Round "6"]
[Board "20"]
[White "Lipok, Christoph"]
[Black "Fauland, Alexander"]
[Result "0-1"]
[WhiteElo "2240"]
[BlackElo "2431"]
[PlyCount "94"]
[EventDate "2016.08.16"]
[EventRounds "9"]
[EventCountry "AUT"]

1.d4 Nf6 2.c4 e6 3.Nc3 Bb4 4.Qc2 O-O 5.a3 Bxc3+ 6.Qxc3 b6 7.Bg5 Bb7 8.e3 d6 9.Ne2
Nbd7 10.Qc2 h6 11.Bh4 Qe7 12.Nc3 Rfc8 13.Rd1 d5 14.cxd5 exd5 15.Be2 Qe6 16.O-O Ne4
17.Nxe4 dxe4 18.Bb5 Bd5 19.Ba6 Bb3 20.d5 Bxd5 21.Bxc8 Rxc8 22.Qc3 c6 23.Bg3 Re8 24.b4
Nf6 25.Rd2 g5 26.Rfd1 Kh7 27.a4 a6 28.a5 b5 29.Qc5 h5 30.h3 h4 31.Bh2 g4 32.Qd6 g3
33.Bxg3 hxg3 34.Qxg3 Qf5 35.Qh4+ Kg7 36.g4 Qe6 37.Qg5+ Kh7 38.Qh4+ Kg7 39.Qg5+ Kh7
40.Qh4+ Kg6 41.g5 Nh5 42.Kh1 Rh8 43.Kh2 Qe5+ 44.Kh1 Rh7 45.Qg4 Ng7 46.f4 exf3 47.e4
Bxe4 0-1

[Event "Vienna Chess Open 2016 Group A"]
[Site "Grosser Festsaal im Wiener Rathaus, 1010 Wien"]
[Date "2016.08.20"]
[Round "6"]
[Board "21"]
[White "Carow, Johannes"]
[Black "Michalicka, Milan"]
[Result "1-0"]
[WhiteElo "2423"]
[BlackElo "2211"]
[PlyCount "63"]
[EventDate "2016.08.16"]
[EventRounds "9"]
[EventCountry "AUT"]

1.d4 g6 2.c4 Bg7 3.e4 c5 4.d5 d6 5.Nc3 a6 6.a4 e6 7.h3 exd5 8.exd5 Ne7 9.Bd3 Bf5 10.Be2
h5 11.Nf3 Nd7 12.Bf4 Nf6 13.Ng5 Nh7 14.Nxh7 Rxh7 15.O-O Bd4 16.Bd3 f6 17.Re1 Be5 18.Bxf5
Nxf5 19.Bxe5 fxe5 20.f4 Qh4 21.fxe5 Qxc4 22.exd6+ Kd7 23.Ne4 Rhh8 24.Rc1 Qd4+ 25.Qxd4
Nxd4 26.Nxc5+ Kxd6 27.Nxb7+ Kd7 28.Re4 Nf5 29.Rc6 Rhe8 30.Nc5+ Kd8 31.Rxe8+ Kxe8 32.Rxg6 1-0

[Event "Vienna Chess Open 2016 Group A"]
[Site "Grosser Festsaal im Wiener Rathaus, 1010 Wien"]
[Date "2016.08.20"]
[Round "6"]
[Board "22"]
[White "Newrkla, Katharina"]
[Black "Yankelevich, Lev"]
[Result "0-1"]
[WhiteElo "2205"]
[BlackElo "2414"]
[PlyCount "80"]
[EventDate "2016.08.16"]
[EventRounds "9"]
[EventCountry "AUT"]

1.e4 c5 2.Nf3 e6 3.d4 cxd4 4.Nxd4 Nc6 5.Nc3 Qc7 6.Be3 a6 7.Qd2 Nf6 8.O-O-O Be7 9.f3
b5 10.g4 Nxd4 11.Bxd4 Bb7 12.g5 Nh5 13.Be5 Qxe5 14.Qxd7+ Kf8 15.Qxb7 Qb8 16.Rd7 Qxb7
17.Rxb7 h6 18.g6 fxg6 19.a4 Kf7 20.Kb1 b4 21.Na2 a5 22.Bc4 Rhc8 23.b3 Rcb8 24.Rxb8
Rxb8 25.Rd1 Kf6 26.c3 bxc3 27.Nxc3 Ke5 28.Nb5 Rd8 29.Kc2 Rxd1 30.Kxd1 Bc5 31.Nc7 Nf4
32.Na6 Bd6 33.Kd2 Kd4 34.Bb5 Nh3 35.Bd7 Ng1 36.Bxe6 Nxf3+ 37.Kc2 Ng5 38.Bd7 Nxe4 39.h3
Nf6 40.Be6 Nd5 0-1

[Event "Vienna Chess Open 2016 Group A"]
[Site "Grosser Festsaal im Wiener Rathaus, 1010 Wien"]
[Date "2016.08.20"]
[Round "6"]
[Board "23"]
[White "Guido, Flavio"]
[Black "Sprotte, Norbert"]
[Result "1-0"]
[WhiteElo "2370"]
[BlackElo "2202"]
[PlyCount "123"]
[EventDate "2016.08.16"]
[EventRounds "9"]
[EventCountry "AUT"]

1.e4 e6 2.d4 d5 3.e5 c5 4.c3 Qb6 5.Nf3 Nc6 6.a3 c4 7.Nbd2 Na5 8.Be2 Bd7 9.Rb1 Qc7
10.h4 Ne7 11.Nf1 h6 12.Bf4 O-O-O 13.Ng3 g6 14.Qd2 Ba4 15.Nh2 Nf5 16.Nxf5 gxf5 17.Bh5
Qe7 18.g3 Rd7 19.O-O Rc7 20.Kg2 Rc6 21.Kh3 Rb6 22.Rg1 Bg7 23.Rbe1 f6 24.exf6 Bxf6
25.Re3 Nc6 26.Rge1 Nd8 27.R3e2 Qh7 28.Nf3 Nf7 29.Bxf7 Qxf7 30.Be5 Be8 31.Qf4 Bxe5
32.Nxe5 Qf6 33.Kh2 Bh5 34.Rd2 Rg8 35.f3 Be8 36.Rde2 h5 37.Rg1 Ba4 38.Qe3 Be8 39.Qf4
Ba4 40.Kh3 Be8 41.Rf2 Rb3 42.Rgg2 Bg6 43.Qh6 Rb6 44.Nxg6 Rxg6 45.Qxh5 Kd7 46.g4 Rh6
47.g5 Rxh5 48.gxf6 Ke8 49.Rg7 Rh6 50.Rfg2 Rxf6 51.Rc7 Kf8 52.Rgg7 Rxb2 53.Rh7 Kg8
54.Rcg7+ Kf8 55.Rxb7 Rxb7 56.Rxb7 Rf7 57.Rxf7+ Kxf7 58.Kg3 e5 59.dxe5 d4 60.Kf2 dxc3
61.Ke2 f4 62.h5 1-0

[Event "Vienna Chess Open 2016 Group A"]
[Site "Grosser Festsaal im Wiener Rathaus, 1010 Wien"]
[Date "2016.08.20"]
[Round "6"]
[Board "24"]
[White "Singer, Christoph"]
[Black "Knoflicek, Ctibor"]
[Result "1/2-1/2"]
[WhiteElo "2334"]
[BlackElo "2200"]
[PlyCount "47"]
[EventDate "2016.08.16"]
[EventRounds "9"]
[EventCountry "AUT"]

1.e4 e5 2.Nf3 Nc6 3.Nc3 Nf6 4.d4 exd4 5.Nxd4 Bb4 6.Nxc6 bxc6 7.Bd3 d5 8.exd5 cxd5
9.O-O O-O 10.h3 c6 11.Qf3 Rb8 12.Bf4 Bd6 13.b3 Be6 14.Rad1 Bxf4 15.Qxf4 Qa5 16.Qd2
Qc7 17.Rfe1 Rfe8 18.Re2 Bd7 19.Rde1 c5 20.Nd1 Rxe2 21.Bxe2 Re8 22.Bf3 Rxe1+ 23.Qxe1
Qd6 24.Qa5 1/2-1/2

[Event "Vienna Chess Open 2016 Group A"]
[Site "Grosser Festsaal im Wiener Rathaus, 1010 Wien"]
[Date "2016.08.20"]
[Round "6"]
[Board "25"]
[White "Sadilek, Peter"]
[Black "Wallner, Joachim"]
[Result "1-0"]
[WhiteElo "2201"]
[BlackElo "2333"]
[PlyCount "23"]
[EventDate "2016.08.16"]
[EventRounds "9"]
[EventCountry "AUT"]

1.d4 d5 2.c4 dxc4 3.Nf3 Nf6 4.e3 e6 5.Bxc4 a6 6.O-O b5 7.Bb3 Bb7 8.Nc3 Nbd7 9.e4 Nxe4
10.Nxe4 Bxe4 11.Ng5 Bf5 12.Qf3 1-0

[Event "Vienna Chess Open 2016 Group A"]
[Site "Grosser Festsaal im Wiener Rathaus, 1010 Wien"]
[Date "2016.08.20"]
[Round "6"]
[Board "26"]
[White "Exler, Veronika"]
[Black "Lewicki, Miroslaw"]
[Result "1/2-1/2"]
[WhiteElo "2194"]
[BlackElo "2319"]
[PlyCount "74"]
[EventDate "2016.08.16"]
[EventRounds "9"]
[EventCountry "AUT"]

1.d4 Nf6 2.g3 e6 3.Bg2 d5 4.Nf3 c5 5.O-O Nc6 6.c4 cxd4 7.cxd5 Nxd5 8.Nxd4 Bc5 9.Nxc6
bxc6 10.Qc2 Qb6 11.Nc3 Be7 12.a3 Ba6 13.Re1 Bc4 14.e4 Bb3 15.Qd2 Nf6 16.Qe2 O-O 17.e5
Nd5 18.Ne4 Rad8 19.Bg5 Bxg5 20.Nxg5 Ne7 21.Qe4 Nf5 22.Qxc6 Qxc6 23.Bxc6 Rd2 24.Nf3
Rxb2 25.Rab1 Rxb1 26.Rxb1 Bc4 27.Rb7 Rd8 28.h3 a6 29.g4 Nh6 30.Ng5 Bd3 31.Be4 g6 32.Ra7
Bb5 33.Bb7 Rd1+ 34.Kh2 Ra1 35.Ra8+ Kg7 36.Bxa6 Rxa3 37.Bb7 Rxa8 1/2-1/2

[Event "Vienna Chess Open 2016 Group A"]
[Site "Grosser Festsaal im Wiener Rathaus, 1010 Wien"]
[Date "2016.08.20"]
[Round "6"]
[Board "27"]
[White "Pisu, Robert-Daniel"]
[Black "Bisby, Daniel"]
[Result "1/2-1/2"]
[WhiteElo "2165"]
[BlackElo "2311"]
[PlyCount "59"]
[EventDate "2016.08.16"]
[EventRounds "9"]
[EventCountry "AUT"]

1.d4 e6 2.c4 d5 3.Nf3 Nf6 4.Nc3 Be7 5.Bf4 O-O 6.e3 b6 7.Rc1 c5 8.Bd3 Bb7 9.O-O Nbd7
10.Ne5 cxd4 11.exd4 dxc4 12.Bxc4 Bb4 13.a3 Nxe5 14.dxe5 Bxc3 15.Rxc3 Nd5 16.Bxd5 Bxd5
17.Qg4 f5 18.Qh5 Qe8 19.Qxe8 Raxe8 20.Rc7 Rf7 21.Rfc1 h6 22.h4 Ree7 23.Rxe7 Rxe7 24.Bd2
Rd7 25.Bb4 f4 26.Rc8+ Kh7 27.Rf8 g5 28.hxg5 hxg5 29.Bd6 Kg7 30.Rc8 1/2-1/2

[Event "Vienna Chess Open 2016 Group A"]
[Site "Grosser Festsaal im Wiener Rathaus, 1010 Wien"]
[Date "2016.08.20"]
[Round "6"]
[Board "28"]
[White "Neumeier, Klaus"]
[Black "Carow, Annelen"]
[Result "1-0"]
[WhiteElo "2300"]
[BlackElo "2113"]
[PlyCount "139"]
[EventDate "2016.08.16"]
[EventRounds "9"]
[EventCountry "AUT"]

1.Nf3 c5 2.c4 Nc6 3.Nc3 g6 4.e3 Nf6 5.d4 cxd4 6.exd4 d5 7.cxd5 Nxd5 8.Qb3 e6 9.Bb5
Bg7 10.Bg5 Qb6 11.Nxd5 exd5 12.Bxc6+ bxc6 13.Qa3 c5 14.O-O O-O 15.Be7 cxd4 16.Bc5
Qf6 17.Bxd4 Qa6 18.Qc3 Bxd4 19.Qxd4 Qc4 20.b3 Qxd4 21.Nxd4 Be6 22.Rac1 Rfc8 23.f3
Kf8 24.Kf2 Ke7 25.Ke3 a6 26.h4 h6 27.Ne2 g5 28.hxg5 hxg5 29.Rxc8 Rxc8 30.Rc1 Ra8 31.Rc5
a5 32.Nc3 Kd6 33.Kd4 Rh8 34.Rxa5 Rh2 35.Ra6+ Kd7 36.Nxd5 Rxg2 37.Nf6+ Ke7 38.Ne4 g4
39.Ra7+ Kd8 40.fxg4 Rxg4 41.Ke5 Kc8 42.Nc5 Kb8 43.Rb7+ Ka8 44.Re7 Rg2 45.a4 Rb2 46.Rb7
Rd2 47.Rb5 Bh3 48.b4 Bg2 49.Rb6 Bf1 50.a5 Bc4 51.Ke4 Rd1 52.Ke3 Rd5 53.Rf6 Rd1 54.Rf4
Bd5 55.Nd3 Be6 56.Kd4 Ka7 57.Kc3 Bd5 58.Rd4 Be6 59.Kc2 Ra1 60.Nc5 Bf5+ 61.Kb2 Rb1+
62.Ka2 Rg1 63.b5 Rg2+ 64.Kb3 Rg3+ 65.Kc4 Rg4 66.b6+ Kb8 67.a6 Rxd4+ 68.Kxd4 Bh3 69.a7+
Ka8 70.Na6 1-0

[Event "Vienna Chess Open 2016 Group A"]
[Site "Grosser Festsaal im Wiener Rathaus, 1010 Wien"]
[Date "2016.08.20"]
[Round "6"]
[Board "29"]
[White "Ferster, Fabian"]
[Black "Formento, Paolo"]
[Result "1/2-1/2"]
[WhiteElo "2186"]
[BlackElo "2298"]
[PlyCount "88"]
[EventDate "2016.08.16"]
[EventRounds "9"]
[EventCountry "AUT"]

1.d4 e6 2.Nf3 Nf6 3.c4 Bb4+ 4.Nbd2 d5 5.a3 Be7 6.e3 O-O 7.Bd3 dxc4 8.Nxc4 b6 9.O-O
Bb7 10.Qe2 Nbd7 11.Rd1 Ne4 12.Qc2 f5 13.b4 Rc8 14.Bb2 c5 15.dxc5 bxc5 16.b5 Bf6 17.Bf1
Qc7 18.a4 g5 19.Bxf6 Rxf6 20.Qb2 Bd5 21.Nfe5 Nxe5 22.Qxe5 Qxe5 23.Nxe5 Rff8 24.Bc4
Nf6 25.Rac1 Rc7 26.h3 Kg7 27.Rc2 Rfc8 28.Rdc1 Ne4 29.Nd3 Kf6 30.f3 Bxc4 31.Rxc4 Rd8
32.Nxc5 Nxc5 33.Rxc5 Rxc5 34.Rxc5 Rd1+ 35.Kf2 Ra1 36.Rc7 Rxa4 37.Rxh7 f4 38.exf4 gxf4
39.Kg1 Ra1+ 40.Kh2 e5 41.h4 Kg6 42.Rb7 Rb1 43.g4 fxg3+ 44.Kxg3 Rb3 1/2-1/2

[Event "Vienna Chess Open 2016 Group A"]
[Site "Grosser Festsaal im Wiener Rathaus, 1010 Wien"]
[Date "2016.08.20"]
[Round "6"]
[Board "31"]
[White "Barle, Janez"]
[Black "Breneis, Lukas"]
[Result "1-0"]
[WhiteElo "2289"]
[BlackElo "2121"]
[PlyCount "53"]
[EventDate "2016.08.16"]
[EventRounds "9"]
[EventCountry "AUT"]

1.e4 c5 2.Ne2 e6 3.Nbc3 d6 4.g3 Nf6 5.Bg2 Be7 6.O-O O-O 7.d3 Nc6 8.h3 Rb8 9.f4 d5
10.exd5 exd5 11.f5 d4 12.Ne4 Nxe4 13.Bxe4 Re8 14.Nf4 Bf6 15.h4 Ne5 16.Nh5 h6 17.Nxf6+
Qxf6 18.Qh5 c4 19.g4 Nxd3 20.cxd3 cxd3 21.Bxd3 b5 22.g5 Qc6 23.g6 f6 24.Qf3 Qxf3 25.Rxf3
Re1+ 26.Rf1 Rxf1+ 27.Kxf1 1-0

[Event "Vienna Chess Open 2016 Group A"]
[Site "Grosser Festsaal im Wiener Rathaus, 1010 Wien"]
[Date "2016.08.20"]
[Round "6"]
[Board "32"]
[White "Bauer, Thomas"]
[Black "Fuchs, Florian"]
[Result "0-1"]
[WhiteElo "2102"]
[BlackElo "2274"]
[PlyCount "134"]
[EventDate "2016.08.16"]
[EventRounds "9"]
[EventCountry "AUT"]

1.e4 c5 2.Nf3 d6 3.d4 cxd4 4.Nxd4 Nf6 5.Nc3 Nc6 6.Bg5 e6 7.Qd2 a6 8.O-O-O Qb6 9.Be3
Ng4 10.Nf5 Qc7 11.Nxd6+ Bxd6 12.Qxd6 Qxd6 13.Rxd6 Nxe3 14.fxe3 Ke7 15.Rd2 Ne5 16.a4
Bd7 17.Rd4 b5 18.b3 Rhc8 19.Kb2 Rc5 20.b4 Rc7 21.Na2 Rac8 22.Rd2 Ng4 23.Bd3 Nxe3 24.Re1
Nc4+ 25.Bxc4 Rxc4 26.a5 e5 27.Re3 Bc6 28.Rde2 Bd7 29.c3 Be6 30.Rd2 R4c6 31.Nc1 Bc4
32.Re1 Rd8 33.Rxd8 Kxd8 34.Nb3 Bxb3 35.Kxb3 Ke7 36.Rc1 Rc4 37.Re1 h5 38.Kc2 Ke6 39.h4
g6 40.Kd3 f5 41.Re2 Rc8 42.g3 Rc4 43.Re3 Rxe4 44.Rxe4 fxe4+ 45.Kxe4 Kd6 46.Kf3 Kd5
47.g4 e4+ 48.Kf4 hxg4 49.Kxg4 Kc4 50.Kf4 Kxc3 51.Kxe4 Kxb4 52.Kf4 Kxa5 53.Kg5 b4 54.Kxg6
b3 55.h5 b2 56.h6 b1=Q+ 57.Kg7 Qb7+ 58.Kg8 Qd5+ 59.Kg7 Qd7+ 60.Kg8 Qe6+ 61.Kg7 Qg4+
62.Kh8 Qf5 63.Kg7 Qg5+ 64.Kh7 Qf6 65.Kg8 Qg6+ 66.Kh8 Qf7 67.h7 Qf8# 0-1

[Event "Vienna Chess Open 2016 Group A"]
[Site "Grosser Festsaal im Wiener Rathaus, 1010 Wien"]
[Date "2016.08.20"]
[Round "6"]
[Board "33"]
[White "Certek, Pavel"]
[Black "Jethan, Martin"]
[Result "1-0"]
[WhiteElo "2272"]
[BlackElo "2082"]
[PlyCount "79"]
[EventDate "2016.08.16"]
[EventRounds "9"]
[EventCountry "AUT"]

1.d4 Nf6 2.Nf3 e6 3.c4 b6 4.e3 Bb7 5.Bd3 Be7 6.O-O O-O 7.Nc3 d5 8.b3 c5 9.Bb2 Nc6
10.Qe2 Rc8 11.Rac1 Nb4 12.Bb1 cxd4 13.exd4 Qd6 14.Ne5 Nc6 15.Rfd1 Rfd8 16.cxd5 Nxd5
17.Bxh7+ Kxh7 18.Qh5+ Kg8 19.Qxf7+ Kh7 20.Ne4 Qb4 21.Qg6+ Kg8 22.Qxe6+ Kh7 23.Qh3+
Kg8 24.a3 Qb5 25.Qe6+ Kh7 26.Rd3 Nf4 27.Qf5+ Kg8 28.Qf7+ Kh7 29.Qxf4 Nxe5 30.Rh3+
Kg8 31.Nc3 Bg5 32.Qf5 Rxd4 33.Re1 Nf3+ 34.Rxf3 Qxf5 35.Rxf5 Bd2 36.Nb5 Rd3 37.Re7
Bc3 38.Nxc3 Rcxc3 39.h4 Rd1+ 40.Kh2 1-0

[Event "Vienna Chess Open 2016 Group A"]
[Site "Grosser Festsaal im Wiener Rathaus, 1010 Wien"]
[Date "2016.08.20"]
[Round "6"]
[Board "34"]
[White "Ivanov, Mike"]
[Black "Prato , Simon "]
[Result "1-0"]
[WhiteElo "2269"]
[BlackElo "2000"]
[PlyCount "39"]
[EventDate "2016.08.16"]
[EventRounds "9"]
[EventCountry "AUT"]

1.e4 c5 2.Nf3 e6 3.b4 cxb4 4.d4 Nf6 5.Bd3 d5 6.e5 Nfd7 7.a3 Nc6 8.O-O Be7 9.c3 bxc3
10.Qc2 h6 11.Nxc3 O-O 12.Ne2 Re8 13.Nf4 Nf8 14.Nh5 Bd7 15.Rb1 Rc8 16.Qd2 Nh7 17.Nxg7
Bf8 18.Qxh6 Bxg7 19.Qxh7+ Kf8 20.Bh6 1-0

[Event "Vienna Chess Open 2016 Group A"]
[Site "Grosser Festsaal im Wiener Rathaus, 1010 Wien"]
[Date "2016.08.20"]
[Round "6"]
[Board "35"]
[White "Sagar, Shah"]
[Black "Wecker, Martin"]
[Result "1-0"]
[WhiteElo "2424"]
[BlackElo "2148"]
[PlyCount "45"]
[EventDate "2016.08.16"]
[EventRounds "9"]
[EventCountry "AUT"]

1.d4 Nf6 2.c4 e6 3.Nf3 d5 4.Nc3 dxc4 5.e4 Bb4 6.Bxc4 Nxe4 7.O-O Nxc3 8.bxc3 Be7 9.Ne5
O-O 10.Qg4 Nc6 11.Bh6 Bf6 12.Rfe1 Kh8 13.Bf4 g6 14.Rad1 Qe8 15.Bb5 a6 16.Bxc6 bxc6
17.Qf3 Bb7 18.Rb1 Rb8 19.Ng4 Bg7 20.Bxc7 Qe7 21.Bxb8 Rxb8 22.Ne5 Kg8 23.Nxc6 1-0

[Event "Vienna Chess Open 2016 Group A"]
[Site "Grosser Festsaal im Wiener Rathaus, 1010 Wien"]
[Date "2016.08.20"]
[Round "6"]
[Board "36"]
[White "Dauth, Benjamin"]
[Black "Wozniak, Mariola"]
[Result "1-0"]
[WhiteElo "2367"]
[BlackElo "2166"]
[PlyCount "75"]
[EventDate "2016.08.16"]
[EventRounds "9"]
[EventCountry "AUT"]

1.e4 c5 2.c3 d6 3.d4 Nf6 4.d5 g6 5.Bd3 Bg7 6.Ne2 O-O 7.O-O e6 8.dxe6 Bxe6 9.c4 Nc6
10.Nbc3 Re8 11.h3 Ne5 12.f4 Nxd3 13.Qxd3 Nd7 14.Rd1 Nb6 15.b3 f5 16.Be3 fxe4 17.Qxd6
Qh4 18.Bf2 Qh6 19.Qxc5 e3 20.Bg3 Bf5 21.Rac1 Bf8 22.Qa5 Rec8 23.Nb5 Qh5 24.Qe1 Rd8
25.Rxd8 Rxd8 26.Rd1 Rxd1 27.Qxd1 Bc5 28.Kf1 Bxh3 29.Qd8+ Kf7 30.Qc7+ Nd7 31.gxh3 Qxh3+
32.Kg1 Qxg3+ 33.Nxg3 e2+ 34.Kg2 e1=Q 35.Qxd7+ Kf6 36.Qd8+ Kg7 37.Qc7+ Be7 38.Qe5+ 1-0

[Event "Vienna Chess Open 2016 Group A"]
[Site "Grosser Festsaal im Wiener Rathaus, 1010 Wien"]
[Date "2016.08.21"]
[Round "7"]
[Board "1"]
[White "Ragger, Markus"]
[Black "Mastrovasilis, Dimitrios"]
[Result "1-0"]
[WhiteElo "2686"]
[BlackElo "2603"]
[PlyCount "97"]
[EventDate "2016.08.16"]
[EventRounds "9"]
[EventCountry "AUT"]

1.e4 e5 2.Nf3 Nc6 3.Bb5 Nf6 4.d3 d6 5.O-O Be7 6.c3 O-O 7.Re1 Bd7 8.Nbd2 Re8 9.Nf1
Bf8 10.Ng3 h6 11.h3 a6 12.Ba4 Ne7 13.Bc2 Ng6 14.d4 c5 15.Be3 Rc8 16.Qd2 Qa5 17.dxc5
dxc5 18.Nh5 Nxh5 19.Qxd7 Nf6 20.Qxb7 Rb8 21.Qc6 Rec8 22.Qa4 Qxa4 23.Bxa4 Nxe4 24.Bd7
Rc7 25.Bf5 Nd6 26.Bxg6 fxg6 27.Nxe5 Rxb2 28.Nxg6 Nc4 29.Bf4 Rf7 30.Re4 Nb6 31.Rd1
Rf6 32.Nxf8 Rxf8 33.Be3 Rxa2 34.Rd6 Rf6 35.Rd8+ Kh7 36.Bxc5 Ra4 37.Bd4 Rf7 38.h4 Nd7
39.Ree8 Ra5 40.g4 h5 41.g5 Kg6 42.Kg2 Rd5 43.Re6+ Kf5 44.Rxa6 Kg4 45.Be3 Kf5 46.Rh8
Ne5 47.g6 Rf6 48.Rxf6+ Kxf6 49.Rxh5 1-0

[Event "Vienna Chess Open 2016 Group A"]
[Site "Grosser Festsaal im Wiener Rathaus, 1010 Wien"]
[Date "2016.08.21"]
[Round "7"]
[Board "2"]
[White "Williams, Simon"]
[Black "Buhmann, Rainer"]
[Result "0-1"]
[WhiteElo "2443"]
[BlackElo "2641"]
[PlyCount "76"]
[EventDate "2016.08.16"]
[EventRounds "9"]
[EventCountry "AUT"]

1.d4 d5 2.c4 e6 3.Nc3 c6 4.e4 dxe4 5.Nxe4 Bb4+ 6.Bd2 Qxd4 7.Bxb4 Qxe4+ 8.Be2 Na6 9.Ba5
b6 10.Bc3 Ne7 11.Nf3 f6 12.Nd2 Qf4 13.g3 Qc7 14.Bh5+ Ng6 15.h4 e5 16.Ne4 O-O 17.Bxg6
hxg6 18.h5 Bf5 19.hxg6 Bxg6 20.Qg4 Kf7 21.c5 Bxe4 22.Qxe4 Nxc5 23.Qc4+ Ne6 24.f4 exf4
25.O-O-O Rad8 26.Rde1 Rd5 27.Rh7 Qd6 28.Qe2 Re8 29.Qg4 Rg5 30.Qh3 Qd3 31.Rd1 Qe3+
32.Kb1 Qe4+ 33.Ka1 Rxg3 34.Qh4 Qg6 35.Qh1 f3 36.Rh8 Rg1 37.Rf8+ Rxf8 38.Rxg1 Rh8 0-1

[Event "Vienna Chess Open 2016 Group A"]
[Site "Grosser Festsaal im Wiener Rathaus, 1010 Wien"]
[Date "2016.08.21"]
[Round "7"]
[Board "3"]
[White "Shengelia, David"]
[Black "Kilgus, Georg"]
[Result "1-0"]
[WhiteElo "2572"]
[BlackElo "2413"]
[PlyCount "71"]
[EventDate "2016.08.16"]
[EventRounds "9"]
[EventCountry "AUT"]

1.d4 Nf6 2.c4 g6 3.Nc3 d5 4.cxd5 Nxd5 5.e4 Nxc3 6.bxc3 Bg7 7.Nf3 c5 8.Be3 Qa5 9.Qd2
O-O 10.Rc1 Rd8 11.d5 e6 12.c4 Qxd2+ 13.Nxd2 b6 14.Be2 Na6 15.a3 Nc7 16.h4 h6 17.h5
g5 18.f4 gxf4 19.Bxf4 Ne8 20.g4 f6 21.Bf3 Bd7 22.Nf1 Rac8 23.Rh2 Bf8 24.Rg2 exd5 25.exd5
Kg7 26.Ne3 Nd6 27.Nf5+ Nxf5 28.gxf5+ Kf7 29.Be4 Re8 30.Re2 b5 31.Kd2 b4 32.axb4 cxb4
33.d6 Rxe4 34.Rxe4 Bxf5 35.Rd4 Bd7 36.c5 1-0

[Event "Vienna Chess Open 2016 Group A"]
[Site "Grosser Festsaal im Wiener Rathaus, 1010 Wien"]
[Date "2016.08.21"]
[Round "7"]
[Board "4"]
[White "Vetoshko, Volodymyr"]
[Black "Manolache, Marius"]
[Result "1-0"]
[WhiteElo "2438"]
[BlackElo "2492"]
[PlyCount "65"]
[EventDate "2016.08.16"]
[EventRounds "9"]
[EventCountry "AUT"]

1.e4 c5 2.Nf3 e6 3.d4 cxd4 4.Nxd4 a6 5.c4 Nf6 6.Nc3 Qc7 7.a3 b6 8.Be3 Bb7 9.f3 d6
10.Be2 Be7 11.O-O O-O 12.Rc1 Nbd7 13.b4 Rfc8 14.Qd2 Qd8 15.Rfd1 h5 16.Nb3 Ne5 17.Na4
Nfd7 18.c5 dxc5 19.bxc5 b5 20.Na5 Bxe4 21.Nb6 Nxb6 22.Qxd8+ Rxd8 23.cxb6 Bd5 24.b7
Rab8 25.Ba7 Rxb7 26.Nxb7 Rd7 27.Bd4 Nc6 28.Bb2 Bg5 29.Rxd5 Rxd5 30.Rxc6 b4 31.axb4
Bd2 32.Rc8+ Kh7 33.Rd8 1-0

[Event "Vienna Chess Open 2016 Group A"]
[Site "Grosser Festsaal im Wiener Rathaus, 1010 Wien"]
[Date "2016.08.21"]
[Round "7"]
[Board "5"]
[White "Arkell, Keith"]
[Black "Keymer, Vincent"]
[Result "0-1"]
[WhiteElo "2464"]
[BlackElo "2348"]
[PlyCount "82"]
[EventDate "2016.08.16"]
[EventRounds "9"]
[EventCountry "AUT"]

1.d4 d5 2.c4 c6 3.Nf3 Nf6 4.Qc2 dxc4 5.Qxc4 Bf5 6.Nc3 e6 7.g3 Nbd7 8.Bg2 Be7 9.O-O
O-O 10.Bg5 Ne4 11.Bxe7 Qxe7 12.Rfd1 Nxc3 13.bxc3 Bc2 14.Rd2 Be4 15.a4 Nb6 16.Qb3 c5
17.Ne5 Bxg2 18.Kxg2 cxd4 19.cxd4 Rfc8 20.a5 Nd5 21.Qa3 Qc7 22.Rb2 b6 23.axb6 Qb7 24.Qf3
axb6 25.Rab1 Rab8 26.Kg1 Qa7 27.Rb3 Rc7 28.h4 Rbc8 29.e4 Nc3 30.R1b2 b5 31.Qd3 Qa8
32.f3 Qa1+ 33.Qf1 Nd1 34.Rxb5 Rc1 35.Nd3 Ne3 36.Nxc1 Nxf1 37.Rb1 Qxd4+ 38.Kxf1 Qd1+
39.Kg2 Rc2+ 40.Kh3 h6 41.Na2 Qxf3 0-1